Geography for grown-ups /

Bibliographic Details
Main Author: Calahan, H. A. (Harold Augustin), 1889-
Format: Book
Language:English
Published: New York, London : Harper & brothers, [1946]
Subjects:

MARC

Tag First Indicator Second Indicator Subfields
LEADER 00000cam a2200000 4500
001 in00000043134
005 20151007070852.0
008 721108s1946 nyua 00010 eng u
010 |a  46008263  
035 |a (OCoLC)00489713 
035 |9 AAE4875AM 
040 |c WSU  |d TXA  |d UtOrBLW 
049 |a TXAM  |c [146811] 
050 0 |a GB54  |b .C25 
092 |a 551  |b C141g 
100 1 |a Calahan, H. A.  |q (Harold Augustin),  |d 1889- 
245 1 0 |a Geography for grown-ups /  |c by Harold Augustin Calaban, illustrated by Stephen J. Voorhies, diagrams by the author. 
264 1 |a New York,  |a London :  |b Harper & brothers,  |c [1946] 
300 |a viii pages, 1 ., 351 pages, 1 unnumbered page including illustrations, diagrams ;  |c 22 cm. 
336 |a text  |b txt  |2 rdacontent 
337 |a unmediated  |b n  |2 rdamedia 
338 |a volume  |b nc  |2 rdacarrier 
500 |a "First edition." 
650 0 |a Physical geography. 
650 0 |a Geography  |v Textbooks  |y 1870- 
999 |a MARS 
999 f f |s 91f11e5f-c2bc-39ad-8546-548a6d8500c7  |i 4b71213a-6c8a-3e02-b9b9-7d2fe1aaa1af  |t 0 
952 f f |p ric  |a Texas A&M University  |b Rellis Campus  |c Joint Library Facility  |d Remote Storage  |t 0  |e GB54 .C25  |h Library of Congress classification  |i unmediated -- volume  |m A14800949659 
998 f f |a GB54 .C25  |t 0  |l Remote Storage